Balance salino del valle inferior del Río Colorado /

Guardado en:
Otros Autores: Peinemann, Norman., Ramos, Nélida., Iturralde, Justo Alejandro.
Formato: Libro
Idioma:Spanish
Publicado: Hilario Ascasubi : CORFO Río Colorado, 1979.
Series:Centro de capacitación de CORFO Río Colorado ; 1
Etiquetas: Agregar Etiqueta
Sin Etiquetas, Sea el primero en etiquetar este registro!
LEADER 00779nam a22001935a 4500
001 EEA.libagro002802
005 20191002114140.0
008 130809s1979####ag#a##########000#0#spa#d
082 0 4 |a 631.6 
245 1 0 |a Balance salino del valle inferior del Río Colorado /  |c Norman Peinemann, Nélida Ramos, Justo Alejandro Iturralde. 
260 |a Hilario Ascasubi :  |b CORFO Río Colorado,  |c 1979. 
300 |a 59p. :  |b il. ;  |c 23 cm. 
490 1 |a Centro de capacitación de CORFO Río Colorado ;  |v 1 
700 1 |a Peinemann, Norman. 
700 1 |a Ramos, Nélida. 
700 1 |a Iturralde, Justo Alejandro. 
859 |a AR-BbBCA  |b BIB. AGRONOMIA  |h 631.6  |i P377  |p 1980/0006 
859 |a AR-BbBCA  |b BIB. AGRONOMIA  |h 631.6  |i P377  |p 1990/1585  |t Ej.2 
859 |a AR-BbBCA  |b BIB. AGRONOMIA  |h 631.6  |i P377  |p 1990/1586  |t Ej.3